<?xml version="1.0" encoding="UTF-8"?>
<record
    xmlns:xsi="http://www.w3.org/2001/XMLSchema-instance"
    xsi:schemaLocation="http://www.loc.gov/MARC21/slim http://www.loc.gov/standards/marcxml/schema/MARC21slim.xsd"
    xmlns="http://www.loc.gov/MARC21/slim">

  <leader>00194nam a2200085   4500</leader>
  <controlfield tag="001">1234085</controlfield>
  <controlfield tag="005">20250926113625.0</controlfield>
  <datafield tag="245" ind1=" " ind2=" ">
    <subfield code="a">SEVG&#x130;L&#x130; PEYGAMBER&#x130;M</subfield>
    <subfield code="c">MUZAFFER AKT&#xDC;RK</subfield>
  </datafield>
  <datafield tag="260" ind1=" " ind2=" ">
    <subfield code="b">A.G.V/ M.G.V</subfield>
  </datafield>
  <datafield tag="999" ind1=" " ind2=" ">
    <subfield code="c">1234085</subfield>
    <subfield code="d">1234085</subfield>
  </datafield>
  <datafield tag="952" ind1=" " ind2=" ">
    <subfield code="0">0</subfield>
    <subfield code="1">0</subfield>
    <subfield code="2">ddc</subfield>
    <subfield code="4">0</subfield>
    <subfield code="7">0</subfield>
    <subfield code="a">1065</subfield>
    <subfield code="b">1065</subfield>
    <subfield code="d">2025-09-26</subfield>
    <subfield code="l">2</subfield>
    <subfield code="o">F/A</subfield>
    <subfield code="p">106518422</subfield>
    <subfield code="r">2025-11-24 10:33:45</subfield>
    <subfield code="s">2025-11-17</subfield>
    <subfield code="w">2025-09-26</subfield>
    <subfield code="y">BK</subfield>
  </datafield>
</record>
